Riigid, mis algavad tähega T - Statistics

General Stats
  • This quiz has been taken 4 times
  • The average score is 9 of 15
Answer Stats
Maa % Correct
Taani
100%
Tai
100%
Tansaania
100%
Türgi
100%
Türkmenistan
100%
Tadžikistan
50%
Taiwan
50%
Togo
50%
Tonga
50%
Trinidad ja Tobago
50%
Tuneesia
50%
Tuvalu
50%
Tšaad
0%
Tšehhi
0%
Tšiili
0%
No matching quizzes found
Score Distribution
Percent of People with Each Score
Percentile by Number Answered
Your Score History
You have not taken this quiz